[Event "Mittelfranken-chTB2b 1819"]
[Site "Mittelfranken"]
[Date "2019.02.10"]
[Round "5.5"]
[White "Dereser, Marc"]
[Black "Simon, Martin"]
[Result "1/2-1/2"]
[WhiteElo "1688"]
[BlackElo "1857"]
[PlyCount "39"]
[EventDate "2018.10.14"]
[EventType "team-tourn"]
[EventRounds "9"]
[EventCountry "GER"]
[SourceTitle "EXT 2022"]
[Source "ChessBase"]
[SourceDate "2021.10.06"]
[SourceVersion "1"]
[SourceVersionDate "2021.10.06"]
[SourceQuality "1"]
[WhiteTeam "Nuernberg SK 1911 II"]
[BlackTeam "Neumarkt"]
[WhiteTeamCountry "GER"]
[BlackTeamCountry "GER"]

1. d4 d5 2. Nf3 Nf6 3. e3 e6 4. c4 b6 5. Nc3 Bb7 6. a3 Be7 7. Be2 0-0 8. 0-0 Nbd7 9. b3 c5 10. Bb2 Rc8 11. cxd5 Nxd5 12. Rc1 cxd4 13. Nxd4 Nxc3 14. Rxc3 Nc5 15. b4 Qd5 16. Bf3 Ne4 17. Rxc8 Rxc8 18. Qb1 f5 19. Rd1 Bf6 20. h3 1/2-1/2

[Event "Mittelfranken-chT2b 1617"]
[Site "Mittelfranken"]
[Date "2017.03.05"]
[Round "7.4"]
[White "Arlt, Michael"]
[Black "Simon, Martin"]
[Result "1/2-1/2"]
[WhiteElo "1878"]
[BlackElo "1890"]
[PlyCount "48"]
[EventDate "2016.10.23"]
[EventType "team-tourn"]
[EventRounds "9"]
[EventCountry "GER"]
[SourceTitle "EXT 2022"]
[Source "ChessBase"]
[SourceDate "2021.10.06"]
[SourceVersion "1"]
[SourceVersionDate "2021.10.06"]
[SourceQuality "1"]
[WhiteTeam "Schwanstetten"]
[BlackTeam "Neumarkt"]
[WhiteTeamCountry "GER"]
[BlackTeamCountry "GER"]

1. c4 Nf6 2. g3 d5 3. cxd5 Nxd5 4. Bg2 c6 5. Nf3 g6 6. e4 Nb6 7. d4 Bg7 8. Nc3 Bg4 9. Ne2 Na6 10. h3 Be6 11. 0-0 Qd7 12. Kh2 Bc4 13. b3 Bxe2 14. Qxe2 0-0 15. Bb2 Rfd8 16. Rfd1 Qd6 17. Rac1 e6 18. e5 Qe7 19. Nd2 Bh6 20. Rc3 Rxd4 21. Rf3 Rd7 22. Ne4 Rxd1 23. Qxd1 Rd8 24. Qe2 Nd5 1/2-1/2

[Event "Mittelfranken-chTB2b 1415"]
[Site "Mittelfranken"]
[Date "2015.01.25"]
[Round "5.2"]
[White "Handl, Johannes"]
[Black "Simon, Martin"]
[Result "0-1"]
[WhiteElo "1883"]
[BlackElo "1898"]
[PlyCount "70"]
[EventDate "2014.09.28"]
[EventType "team-tourn"]
[EventRounds "9"]
[EventCountry "GER"]
[SourceTitle "EXT 2020"]
[Source "ChessBase"]
[SourceDate "2019.10.17"]
[SourceVersion "1"]
[SourceVersionDate "2019.10.17"]
[SourceQuality "1"]
[WhiteTeam "Bubenreuth/Moehrendorf"]
[BlackTeam "Neumarkt"]
[WhiteTeamCountry "GER"]
[BlackTeamCountry "GER"]

1. e4 c5 2. Nf3 Nc6 3. d4 cxd4 4. Nxd4 d6 5. Nc3 a6 6. Be3 Nf6 7. Be2 e5 8. Nb3 Be6 9. 0-0 Be7 10. a4 0-0 11. a5 Rc8 12. Bb6 Qd7 13. Bf3 Nb4 14. Qe2 Bc4 15. Qd2 Bxf1 16. Rxf1 Rc6 17. Rc1 Rfc8 18. h3 Bd8 19. Be3 Rc4 20. g4 R8c6 21. g5 Qxh3 22. Bg2 Qh5 23. gxf6 Bxf6 24. Bf1 Qg4+ 25. Kh2 Rxc3 26. bxc3 Na2 27. Bg2 Nxc1 28. Nxc1 Bd8 29. c4 Qe6 30. c5 Be7 31. Qb4 Qc8 32. Bh3 dxc5 33. Bxc8 cxb4 34. Bxb7 Rxc2 35. Bxa6 Bc5 0-1

[Event "Mittelfranken-chTB2b 1415"]
[Site "Mittelfranken"]
[Date "2014.10.12"]
[Round "2.3"]
[White "Friedrich, Heinrich"]
[Black "Simon, Martin"]
[Result "0-1"]
[WhiteElo "1913"]
[BlackElo "1898"]
[PlyCount "84"]
[EventDate "2014.09.28"]
[EventType "team-tourn"]
[EventRounds "9"]
[EventCountry "GER"]
[SourceTitle "EXT 2020"]
[Source "ChessBase"]
[SourceDate "2019.10.17"]
[SourceVersion "1"]
[SourceVersionDate "2019.10.17"]
[SourceQuality "1"]
[WhiteTeam "Kirchehren/Eberm"]
[BlackTeam "Neumarkt"]
[WhiteTeamCountry "GER"]
[BlackTeamCountry "GER"]

1. e4 Nc6 2. Nf3 e5 3. Bb5 a6 4. Ba4 Nf6 5. 0-0 b5 6. Bb3 Be7 7. Re1 d6 8. c3 Bg4 9. d3 0-0 10. Nbd2 Na5 11. Bc2 c5 12. Nf1 Ne8 13. h3 Be6 14. g4 h5 15. N3h2 Qd7 16. Ng3 h4 17. Nf5 g5 18. Nf3 f6 19. Qd2 Bd8 20. Kh2 d5 21. Qe2 Ng7 22. Rg1 Qc7 23. Bd2 c4 24. Kh1 Qc6 25. N3xh4 cxd3 26. Bxd3 gxh4 27. Nh6+ Kh8 28. f3 dxe4 29. fxe4 Bc4 30. Bxc4 Qxc4 31. Qe3 Ne6 32. Raf1 Ng5 33. Re1 Kh7 34. Nf5 Rh8 35. b3 Qe6 36. Nxh4 Kg8 37. Qg3 Ra7 38. Bxg5 fxg5 39. Nf3 Rah7 40. h4 Rxh4+ 41. Nxh4 Rxh4+ 42. Qxh4 gxh4 0-1

[Event "Mittelfranken-chTB2b 1314"]
[Site "Mittelfranken"]
[Date "2013.12.01"]
[Round "3.2"]
[White "Walter, Eugen"]
[Black "Simon, Martin"]
[Result "0-1"]
[WhiteElo "1768"]
[BlackElo "1898"]
[PlyCount "72"]
[EventDate "2013.10.20"]
[EventType "team-tourn"]
[EventRounds "9"]
[EventCountry "GER"]
[SourceTitle "EXT 2020"]
[Source "ChessBase"]
[SourceDate "2019.10.17"]
[SourceVersion "1"]
[SourceVersionDate "2019.10.17"]
[SourceQuality "1"]
[WhiteTeam "Forchheim III"]
[BlackTeam "Neumarkt"]
[WhiteTeamCountry "GER"]
[BlackTeamCountry "GER"]

1. Nf3 d5 2. g3 g6 3. Bg2 Bg7 4. d3 Nf6 5. 0-0 0-0 6. Nbd2 b6 7. c4 Bb7 8. Qc2 c5 9. Rb1 Nc6 10. a3 Qd7 11. cxd5 Nxd5 12. Nc4 Rfd8 13. Bd2 Nd4 14. Qd1 Rac8 15. Ne1 Qe6 16. Ne3 b5 17. N1c2 Nxe3 18. Bxe3 Bxg2 19. Kxg2 c4 20. Ne1 Qg4 21. Bxd4 Qxd4 22. Kg1 Qc5 23. Qc2 Qf5 24. dxc4 Qxc2 25. Nxc2 Rd2 26. Ne3 Rxe2 27. cxb5 Bxb2 28. a4 Bd4 29. Rbc1 Rxc1 30. Rxc1 Ra2 31. Rc4 e5 32. Nc2 Bb6 33. Kg2 Kg7 34. Kf3 f5 35. Ne3 e4+ 36. Kg2 Bxe3 0-1

[Event "Mittelfranken-chTB2b 1011"]
[Site "Germany"]
[Date "2011.01.23"]
[Round "5.1"]
[White "Simon, Martin"]
[Black "Manthey, Frank"]
[Result "1-0"]
[WhiteElo "1928"]
[BlackElo "2098"]
[PlyCount "81"]
[EventDate "2010.09.26"]
[EventType "team-tourn"]
[EventRounds "9"]
[EventCountry "GER"]
[SourceTitle "EXT 2012"]
[Source "ChessBase"]
[SourceDate "2011.11.24"]
[SourceVersion "1"]
[SourceVersionDate "2011.11.24"]
[SourceQuality "1"]
[WhiteTeam "Neumarkt"]
[BlackTeam "Schwanstetten"]
[WhiteTeamCountry "GER"]
[BlackTeamCountry "GER"]

1. e4 c5 2. Nf3 Nc6 3. d4 cxd4 4. Nxd4 g6 5. Nc3 Bg7 6. Be3 Nf6 7. Nxc6 bxc6 8. e5 Ng8 9. Bd4 Nh6 10. e6 0-0 11. Bxg7 Kxg7 12. Qd4+ f6 13. exd7 Qxd7 14. Qxd7 Bxd7 15. 0-0-0 Rad8 16. h3 Nf7 17. Ba6 Nd6 18. Rhe1 Kf7 19. Rd2 Bc8 20. Bxc8 Nxc8 21. Red1 Rxd2 22. Rxd2 Nd6 23. Rd4 Rd8 24. Ne4 Nb7 25. Rb4 Rd7 26. Rc4 Rc7 27. Nc5 Nxc5 28. Rxc5 e5 29. b4 Ke6 30. Kb2 Kd6 31. Kc3 f5 32. Ra5 Re7 33. Kd3 e4+ 34. Ke3 Rb7 35. a3 Rf7 36. c4 Rc7 37. Kd4 Rb7 38. Ra6 Rc7 39. b5 Kd7 40. a4 c5+ 41. Kd5 1-0

[Event "Mittelfranken-chTB2b 1011"]
[Site "Germany"]
[Date "2010.12.05"]
[Round "4.1"]
[White "Rausch, Wolfgang"]
[Black "Simon, Martin"]
[Result "0-1"]
[WhiteElo "2080"]
[BlackElo "1928"]
[PlyCount "152"]
[EventDate "2010.09.26"]
[EventType "team-tourn"]
[EventRounds "9"]
[EventCountry "GER"]
[SourceTitle "EXT 2012"]
[Source "ChessBase"]
[SourceDate "2011.11.24"]
[SourceVersion "1"]
[SourceVersionDate "2011.11.24"]
[SourceQuality "1"]
[WhiteTeam "Nuernberg NT IV"]
[BlackTeam "Neumarkt"]
[WhiteTeamCountry "GER"]
[BlackTeamCountry "GER"]

1. d4 d5 2. c4 e6 3. Nf3 Nf6 4. Bg5 Be7 5. e3 0-0 6. Nbd2 b6 7. cxd5 Nxd5 8. Bxe7 Qxe7 9. Rc1 Bb7 10. Bd3 Rc8 11. 0-0 Na6 12. a3 c5 13. Qe2 Nb8 14. dxc5 Rxc5 15. Rxc5 Qxc5 16. Bxh7+ Kxh7 17. Ng5+ Kg6 18. Qd3+ f5 19. Nxe6 Qe7 20. Nd4 Qf6 21. e4 Nf4 22. Qg3+ Qg5 23. Qxg5+ Kxg5 24. Nxf5 Bxe4 25. Nxe4+ Kxf5 26. Ng3+ Kg6 27. Rd1 Na6 28. Rd6+ Kf7 29. Rd7+ Kg6 30. Rd6+ Kh7 31. Ne4 Re8 32. Ng5+ Kg8 33. h4 Nc5 34. g3 Nfe6 35. b4 Nxg5 36. hxg5 Ne4 37. Rd7 Nxg5 38. Rxa7 Re2 39. Rb7 Ra2 40. Rxb6 Rxa3 41. Rb5 Ne4 42. Re5 Nc3 43. Kg2 Ra4 44. Rc5 Ne4 45. Rc4 Nd6 46. Rc6 Nb5 47. Rc4 Kf7 48. Kh3 Ra2 49. Rf4+ Kg6 50. Rg4+ Kf6 51. Rf4+ Kg6 52. Rg4+ Kh7 53. Rg5 Nd6 54. f3 Rb2 55. Rd5 Nc4 56. Rb5 Na3 57. Ra5 Nc2 58. b5 Nd4 59. Ra3 Rxb5 60. Rd3 Ne6 61. f4 Rb4 62. Rd6 Nc5 63. Rd5 Ne4 64. Re5 Nf6 65. Re3 Rb1 66. Kg2 Kg6 67. Kf3 Rf1+ 68. Kg2 Rc1 69. Re5 Rc3 70. Kh3 Rd3 71. Kh4 Rd5 72. f5+ Kf7 73. Rxd5 Nxd5 74. Kg5 Nf6 75. g4 Nh7+ 76. Kf4 Kf6 0-1